Faking, Forging, Counterfeiting : Discredited Practices at the Margins of Mimesis.

Bibliographic Details
Main Author: Becker, Daniel.
Other Authors: Fischer, Annalisa., Schmitz, Yola., Niehoff, Simone., Sannders, Florencia.
Format: eBook
Language:English
Published: Bielefeld : transcript, 2018.
Edition:1st ed.
Series:Edition Kulturwissenschaft
Subjects:
Online Access:Click to View
LEADER 02176nam a22004333i 4500
001 EBC6755797
003 MiAaPQ
005 20231204023219.0
006 m o d |
007 cr cnu||||||||
008 231204s2018 xx o ||||0 eng d
020 |a 9783839437629  |q (electronic bk.) 
020 |z 9783837637625 
035 |a (MiAaPQ)EBC6755797 
035 |a (Au-PeEL)EBL6755797 
035 |a (OCoLC)1046617096 
040 |a MiAaPQ  |b eng  |e rda  |e pn  |c MiAaPQ  |d MiAaPQ 
100 1 |a Becker, Daniel. 
245 1 0 |a Faking, Forging, Counterfeiting :  |b Discredited Practices at the Margins of Mimesis. 
250 |a 1st ed. 
264 1 |a Bielefeld :  |b transcript,  |c 2018. 
264 4 |c ©2018. 
300 |a 1 online resource (248 pages) 
336 |a text  |b txt  |2 rdacontent 
337 |a computer  |b c  |2 rdamedia 
338 |a online resource  |b cr  |2 rdacarrier 
490 1 |a Edition Kulturwissenschaft ;  |v v.128 
505 0 |a Intro -- Table of Contents -- Preface -- Six Degrees of Separation -- Forgery: The Art of Deception -- The Artist and the Mountebank -- Aping the Master -- Fracture, Facture and the Collecting of Islamic Art -- Shape-shifters of Transculturation -- Fake Supreme -- Reflections on Plagiarism in Jorge Luis Borgesʼs Works -- "I have chosen to write notes on imaginary books" -- Faked Translations -- Creating a Cult, Faking Relics -- Desiring Fakes -- Unmasking the Fake -- Contributors -- Illustration Credits. 
588 |a Description based on publisher supplied metadata and other sources. 
590 |a Electronic reproduction. Ann Arbor, Michigan : ProQuest Ebook Central, 2023. Available via World Wide Web. Access may be limited to ProQuest Ebook Central affiliated libraries.  
655 4 |a Electronic books. 
700 1 |a Fischer, Annalisa. 
700 1 |a Schmitz, Yola. 
700 1 |a Niehoff, Simone. 
700 1 |a Sannders, Florencia. 
776 0 8 |i Print version:  |a Becker, Daniel  |t Faking, Forging, Counterfeiting  |d Bielefeld : transcript,c2018  |z 9783837637625 
797 2 |a ProQuest (Firm) 
830 0 |a Edition Kulturwissenschaft 
856 4 0 |u https://ebookcentral.proquest.com/lib/matrademy/detail.action?docID=6755797  |z Click to View